[Event "Vaxjo Nordic zt"]
[Site "Vaxjo"]
[Date "2017.06.29"]
[Round "6"]
[White "Sukhayanudit, Apichai"]
[Black "Fernandez, Juan Pablo"]
[Result "0-1"]
[WhiteElo "1819"]
[BlackElo "2045"]
[PlyCount "84"]
[EventDate "2017.06.26"]
[EventType "swiss"]
[EventRounds "9"]
[EventCountry "SWE"]
[SourceTitle "CBM 179 Extra"]
[Source "ChessBase"]
[SourceDate "2017.08.23"]
[SourceVersion "1"]
[SourceVersionDate "2017.08.23"]
[SourceQuality "1"]

1. e4 c5 2. b3 d6 3. Bb5+ Nd7 4. e5 dxe5 5. Qh5 a6 6. Bxd7+ Bxd7 7. Qxe5 Bc6 8. Ne2 Bxg2 9. Rg1 Qd5 10. Bb2 Nf6 11. Qg3 Bf3 12. Nbc3 Qh5 13. Qf4 Bxe2 14. Nxe2 Qd5 15. 0-0-0 Qe4 16. f3 Qxf4 17. Nxf4 0-0-0 18. d4 g6 19. dxc5 Bh6 20. Be5 Nd7 21. Bxh8 Bxf4+ 22. Kb2 Rxh8 23. b4 Bxh2 24. Rge1 e6 25. Kb3 h5 26. Re4 h4 27. Rh1 Bg3 28. Rg4 Rh5 29. c4 Ne5 30. Re4 Nxf3 31. Ka4 e5 32. Re3 Nd4 33. b5 f5 34. Ka5 f4 35. Rd3 Kc7 36. Rb1 h3 37. bxa6 bxa6 38. Rb6 h2 39. Kxa6 h1Q 40. Ka7 Rh8 41. c6 Nxc6+ 42. Ka6 Ra8+ 0-1

[Event "Vaxjo Nordic zt"]
[Site "Vaxjo"]
[Date "2017.06.26"]
[Round "1"]
[White "Sukhayanudit, Apichai"]
[Black "Thogersen, Rasmus"]
[Result "0-1"]
[WhiteElo "1819"]
[BlackElo "2222"]
[PlyCount "58"]
[EventDate "2017.06.26"]
[EventType "swiss"]
[EventRounds "9"]
[EventCountry "SWE"]
[SourceTitle "CBM 179 Extra"]
[Source "ChessBase"]
[SourceDate "2017.08.23"]
[SourceVersion "1"]
[SourceVersionDate "2017.08.23"]
[SourceQuality "1"]

1. e4 c5 2. Nf3 d6 3. Bc4 Nf6 4. e5 dxe5 5. Nxe5 e6 6. 0-0 Bd6 7. Re1 0-0 8. d3 Qc7 9. Nf3 a6 10. Bg5 Nbd7 11. c3 b5 12. Bb3 Ng4 13. h3 Nge5 14. Bc2 h6 15. Nxe5 Nxe5 16. Bf4 Nf3+ 17. Qxf3 Bxf4 18. g3 Bd6 19. Kh2 Bb7 20. Qh5 Qc6 21. Rg1 g6 22. Qxh6 Qf3 23. Qd2 Kg7 24. Bd1 Rh8 25. Bxf3 Bxf3 26. Rg2 Rxh3+ 27. Kg1 Rah8 28. Kf1 Rh1+ 29. Rg1 Rxg1+ 0-1